Statistiques concernant Personnages célèbres - Série 49

Cliquez ici pour prendre le quiz!

Statistiques générales

  • Ce quiz a été pris 119 fois
  • Le résultat moyen est 7 sur 15

Statistiques - réponses

Réponse% Correct
Segolène Royal
97%
Hillary Clinton
88%
Rachida Dati
84%
Silvio Berlusconi
80%
Gilbert Collard
52%
Jean Louis Borloo
50%
Tony Blair
49%
Bernard Cazeneuve
46%
Arnaud Montebourg
45%
Jacques Vergès
40%
Pierre Moscovici
34%
Vincent Auriol
17%
Gaston Defferre
7%
Emile Loubet
4%
Louis Lépine
1%

Distribution des résultats

Percentile par nombre de réponses

% des personnes avec chaque résultat

Votre développement - résultats

Vous n’avez pas pris ce quiz